Los hombres que dispers ̤la danza

Detalles Bibliográficos
Autor principal: Henestrosa, Andrš
Formato: eBook
Lenguaje:español
Publicado: Ciudad de Mx̌ico: Cm̀ara de Diputados, 2009
Materias:
Acceso en línea:Acceso restringido

MARC

LEADER 00000nam a22000007a 4500
005 20180220214511.0
007 cr|||| ||||
008 180220s2009 mx |||||s||||f00||0 spa d
020 |a 978-970-701-991-1 
035 |a 20858 
040 |a vLex 
090 |c 7379  |d 7379 
100 1 |a Henestrosa, Andrš 
245 1 3 |a Los hombres que dispers ̤la danza  |h [Recurso electrn̤ico] /  |c Andrš Henestrosa 
256 |a Servicio en ln̕ea 
260 |a Ciudad de Mx̌ico:  |b Cm̀ara de Diputados,  |c 2009 
300 |a 1 recurso electrn̤ico 
500 |a Yo vengo de lenguas indg̕enas, de las que dos habl ̌hasta ya mayorcito, con algo de un precario espaǫl. Sin caer en alardes ni modestias, me puedo presentar y me presento, como un indio que logr ̤por virtud de los libros integrarse mexicano: esto es, una mitad blanco y otra mitad cobrizo. Cinco aǫs despuš de iniciar el aprendizaje formal de la lengua espaǫla, escrib ̕este pequeǫ libro, que ha corrido la suerte de muchas ediciones, Los hombres que dispers ̤la danza: una aproximada conjuncin̤ y armonizacin̤ de las dos almas, las dos sangres y las lenguas de que venimos. De leer libros me vinieron impulsos de escribirlos. Porque siempre la palabra engendr ̤palabras y los libros dieron a luz libros. Yo leo libros desde que me acuerdo. Siempre que pienso en m ̕me veo con un libro en la mano. Y si bien no siempre los entend,̕ algo qued ̤que despuš fue t︢il para entender. Por eso se ha dicho que la ignorancia es el principio de la sabidura̕. Lo he dicho otras veces y lo repito ahora porque es una conviccin̤: yo soy los libros que he led̕o. El libro fue para m ̕lo que el molde al barro: me dio forma. Quien lee un libro, lee dos. Quien un da̕ lleva un libro a su casa, acaba por crear una biblioteca, no importa su nm︢ero, que no lo tiene. Intenta, joven lector, como yo lo intent:̌ seguir el camino de aquellos que, viniendo de lenguas indias, aprendieron otros idiomas, sin detrimento dela lengua que aprendieron en el regazo materno y en la leche de sus nięces. 
506 1 |a Disponible solo en los productos indicados  |d vLex Global  |d vLex Global (Academic Edition, excluding Law Schools)  |d vLex Global (U.S. Academic Edition, Law Schools)  |d vLex Global (U.S. Academic Edition, excluding Law Schools)  |d vLex Global (Academic Edition, Law Schools) 
650 0 4 |a Derecho Civil  |z Mx̌ico 
740 0 |a vLex Libros (Servicio en ln̕ea) 
856 4 0 |u http://vlex.com/source/hombres-que-disperso-la-danza-20858  |z Acceso restringido 
942 |c BOOK 
999 0 |a Civil Law